| 000 | 01256nam a22003017a 4500 | ||
|---|---|---|---|
| 999 |
_c64249 _d64249 |
||
| 005 | 20240530110722.0 | ||
| 008 | 180331s2016 ua a g b 000 0 ara d | ||
| 017 |
_a2015/20633 _bمصر. دار الكتب |
||
| 020 | _a9789777684330 | ||
| 040 |
_aEG-CaGPL _cEG-CaGPL |
||
| 082 | 0 | 4 |
_221 _a659.1\ _bهـ إ |
| 100 | 1 | _aهيث ، روبرت | |
| 245 | 1 | 0 |
_aاغواء العقل الباطن : _bسيكولوجية التأثير العاطفى فى الدعاية والاعلان / _cتأليف روبرت هيث ؛ ترجمة محمد عثمان ؛ مراجعة هانى فتحى سليمان . |
| 250 | _aط.1 | ||
| 260 |
_aالقاهرة : _bمؤسسة هنداوى للتعليم والثقافة، _c2016 . |
||
| 300 |
_a299 ص. ؛ _c24 سم. |
||
| 504 | _aيشتمل على ارجاعات ببليوجرافية | ||
| 650 | 0 | 7 |
_2qrmak _aالاعلان |
| 650 | 0 | 7 |
_2qrmak _aالاعلانات |
| 650 | 0 | 7 |
_2qrmak _aصنع القرار |
| 650 | 0 | 7 |
_2qrmak _aوسائل الاعلام |
| 651 | _2qrmak | ||
| 653 | 0 | 4 | _aسيكولوجية التواصل |
| 700 | 0 |
_aمحمد عثمان _eمترجم |
|
| 700 | 0 |
_aهانى فتحى سليمان _eمراجع |
|
| 942 |
_2ddc _cBK |
||